Cognitive A Foundation for coaching Renaissance Schools (Record no. 25187)

MARC details
000 -LEADER
fixed length control field 00700nam a22002177a 4500
003 - CONTROL NUMBER IDENTIFIER
control field OSt
005 - DATE AND TIME OF LATEST TRANSACTION
control field 20260625115431.0
008 - FIXED-LENGTH DATA ELEMENTS--GENERAL INFORMATION
fixed length control field 260625b |||||||| |||| 00| 0 eng d
020 ## - INTERNATIONAL STANDARD BOOK NUMBER
International Standard Book Number 9781929024414
040 ## - CATALOGING SOURCE
Transcribing agency Chuka University Library
050 ## - LIBRARY OF CONGRESS CALL NUMBER
Classification number LB 1590.3
Item number .C67 2002
100 ## - MAIN ENTRY--PERSONAL NAME
Personal name Costa Arthur L.
9 (RLIN) 31134
245 ## - TITLE STATEMENT
Title Cognitive A Foundation for coaching Renaissance Schools
250 ## - EDITION STATEMENT
Edition statement 2nd ed.
260 ## - PUBLICATION, DISTRIBUTION, ETC.
Place of publication, distribution, etc. Norwood
Name of publisher, distributor, etc. Christopher-Gordon Publishers,Inc
Date of publication, distribution, etc. 2002
300 ## - PHYSICAL DESCRIPTION
Extent xxiii 412 pages
Other physical details illustrated includes indexes
650 ## - SUBJECT ADDED ENTRY--TOPICAL TERM
Topical term or geographic name entry element Thought and Thinking-Study and Teaching
9 (RLIN) 20519
650 ## - SUBJECT ADDED ENTRY--TOPICAL TERM
Topical term or geographic name entry element Cognition in Children
9 (RLIN) 11450
700 ## - ADDED ENTRY--PERSONAL NAME
Personal name Garmston Robert J.
9 (RLIN) 29013
942 ## - ADDED ENTRY ELEMENTS (KOHA)
Source of classification or shelving scheme Library of Congress Classification
Koha item type Long Loan Books
Suppress in OPAC No
Holdings
Withdrawn status Lost status Source of classification or shelving scheme Damaged status Not for loan Collection Home library Current library Shelving location Date acquired Source of acquisition Cost, normal purchase price Total Checkouts Full call number Barcode Date last seen Price effective from Koha item type
    Library of Congress Classification     General Collection Books Main Campus Library Main Campus Library General Stacks 25/06/2026 Donation from Books for Africa 1681.64   LB 1590.3 .C67 2002 36034/2026 25/06/2026 25/06/2026 Long Loan Books

Powered by Koha